000 00756nam a2200289Ia 4500
005 20260324123101.0
008 008 260324s9999 xx 000 0 eng d
020 _a9780203136935
037 _aEBOOK
040 _aCRL
040 _beng
040 _cCRL
041 _2eng
041 _aeng
084 _qCRL
100 _aPaul Trowler; Murray Saunders; Veronica Bamber
_91168958
245 0 _aTribes and Territories in the 21st Century
245 0 _bRethinking the significance of disciplines in higher education
260 _bTaylor and Francis
260 _c2012
365 _a
365 _b300
856 _uhttp://www.taylorfrancis.com/books/9780203136935
942 _cEBOOK
999 _c1762167
_d1762167